01691nam a2200445 i 450000100060000000300080000600500170001400600190003100700150005000800410006502000180010602000280012403500220015204000310017405000210020508000130022608200120023910000330025124501180028425000190040226400780042130000410049933600310054033700330057133800430060449000280064750400290067558800830070459001620078765000270094965000240097665000290100065000270102965500270105670000350108379700180111883000290113685600630116599900170122893467FINmELB20241217172212.0m o d | cr cnu||||||||210528s2019 sp ob 000 0 spa d z9788490487846 a9788490487860q(e-book) a(OCoLC)1257035709 aFINmELBbspaerdacFINmELB14aQA300bG821 2019 a517.2/.304a5152231 aGregori Gregori, Valentín.10aErrores, optimización y resolución numérica de sistemas /cValentín Gregori Gregori, Bemardino Roig Sala. a2a. edición. 1aValencia :bEditorial de la Universidad Politécnica de Valencia,c2019. a1 recurso en línea (249 páginas) atextobtxt2rdacontent/spa acomputadorabc2rdamedia/spa arecurso en líneabcr2rdacarrier/spa1 aColección Académica aContiene bibliografía. aDescripción basada en metadatos suministrados por el editor y otras fuentes. aRecurso electrónico. Santa Fe, Arg.: elibro, 2021. Disponible vía World Wide Web. El acceso puede estar limitado para las bibliotecas afiliadas a elibro. 0aMathematical analysis. 0aNumerical analysis. 4aAnálisis matemático. 4aAnálisis numérico. 4aLibros electrónicos.1 aRoig Sala, Bernardino,eautor.2 aelibro, Corp. 0aColección Académica.40uhttps://elibro.net/ereader/politecnicointernacional/111493 c93467d93467